Patentové právo ČSFR /

Hlavní autor: Zábrš, Aleš, 1949-
Jazyk: Čeština
Vydáno: Praha : Federální úřad pro vynálezy, 1992
Vydání: 1. vyd.
Fyzický popis: 83 s.
Knihy
Uloženo v:
LEADER 00723nam a22002052a 4500
001 000351189
003 CZ BrMZK
005 20210916093722.0
008 010907s1992 xr f cze d
040 |a BOA001  |b cze 
080 |a 247.77(437)  |2 MRF 
100 1 |a Zábrš, Aleš,  |d 1949-  |7 jx20070525054 
245 1 0 |a Patentové právo ČSFR /  |c Aleš Zábrš 
250 |a 1. vyd. 
260 |a Praha :  |b Federální úřad pro vynálezy,  |c 1992 
300 |a 83 s. 
910 |a BOA001  |b TK-0251.015  |b 2-1473.650 
990 |a BK 
996 6 |b 2610878890  |c 2-1473.650  |l MZK  |r Sklad / do 1 hodiny  |n 0  |p dar  |w 000351189  |u 000020  |a 1  |e BOA001  |j MZK50  |s P 
996 7 |b 2629975697  |c TK-0251.015  |l MZK  |r Sklad / do 24 hodin  |n 0  |w 000351189  |u 000010  |a 1  |e BOA001  |j MZK50  |s A